|
|
|
|
| LEADER |
00000ny a22000003n 4500 |
| 005 |
20110615135144.0 |
| 008 |
060719s2006 sp 000 0 spa d |
| 017 |
|
|
|a D.L.M29911-06
|
| 020 |
|
|
|a 9788495748805
|
| 035 |
|
|
|a 2556
|
| 040 |
|
|
|a NoBUC-Mpons
|d vLex
|
| 080 |
|
|
|a 347.451.91(460)
|
| 090 |
|
|
|c 718
|d 718
|
| 100 |
1 |
|
|a Přez Martell, Rosa
|
| 245 |
1 |
3 |
|a El arbitraje en el contrato de franquicia
|h [Recurso electrn̤ico]
|c Rosa Přez Martell
|
| 256 |
|
|
|a Servicio en ln̕ea
|
| 260 |
|
|
|a Madrid :
|b Dijusa,
|c 2006
|
| 300 |
|
|
|a 191 p. ;
|c 24 cm
|
| 506 |
1 |
|
|a Contenido solo disponible en los productos indicados
|d vLex Global
|d vLex Global (Academic Edition, excluding Law Schools)
|d vLex Global (U.S. Academic Edition, Law Schools)
|d vLex Global (U.S. Academic Edition, excluding Law Schools)
|d vLex Global (Academic Edition, Law Schools)
|
| 650 |
0 |
7 |
|a Procesal
|2 Tesauro vLex
|
| 650 |
0 |
7 |
|a Mercantil
|2 Tesauro vLex
|
| 650 |
0 |
7 |
|a Arbitrajes
|2 Tesauro vLex
|
| 650 |
0 |
7 |
|a Arbitraje mercantil
|2 Tesauro vLex
|
| 650 |
0 |
7 |
|a Contrato de franquicia
|2 Tesauro vLex
|
| 740 |
0 |
|
|a vLex Libros (Servicios en ln̕ea)
|
| 856 |
4 |
0 |
|u http://vlex.com/source/2556
|z Acceso restringido
|
| 942 |
|
|
|c BOOK
|
| 999 |
0 |
|
|a Procedure (Law)
|b Madrid
|